000 00509nam a2200169 i 4500
001 139316
003 ES-MaACL
005 20230906195749.0
007 t|
008 070214s1932 sp r ||||1| spa d
100 1 _aSarthou Carreres, Carlos.
_9103879
245 1 0 _aCastillos de España /
_cCarlos Sarthou Carreres.
260 _aMadrid :
_bFrancisco Beltrán,
_c1932.
300 _aXIX, 335 p., 12 lám. :
_bil. ;
_c25 cm.
650 0 4 _aCastillos-
_zEspaña.
_910828
852 _aES-MaACL
_jA-1022
_bR.10617
999 _c139316
_d139316